Statistics for Команды НХЛ

Click here to take the quiz!

General Stats

  • This quiz has been taken 23 times
  • The average score is 20 of 32

Answer Stats

КонференцияДивизионAnswer% Correct
ЗападнаяЦентральныйКолорадо Эвеланш
83%
ЗападнаяТихоокеанскийЛос-Анджелес Кингз
83%
ВосточнаяАтлантическийБостон Брюинз
78%
ВосточнаяАтлантическийОттава Сенаторз
78%
ВосточнаяАтлантическийТоронто Мэйпл Лифс
78%
ЗападнаяТихоокеанскийСан-Хосе Шаркс
78%
ВосточнаяСтоличныйВашингтон Кэпиталс
78%
ЗападнаяЦентральныйДаллас Старз
72%
ВосточнаяСтоличныйФиладельфия Флайерз
72%
ЗападнаяТихоокеанскийЭдмонтон Ойлерз
72%
ЗападнаяЦентральныйЧикаго Блэкхокс
72%
ВосточнаяСтоличныйНью-Йорк Рейнджерс
72%
ВосточнаяАтлантическийФлорида Пантерз
72%
ВосточнаяСтоличныйПиттсбург Пингвинз
72%
ВосточнаяАтлантическийДетройт Ред Уингз
67%
ЗападнаяТихоокеанскийВегас Голден Найтс
67%
ВосточнаяАтлантическийТампа-Бэй Лайтнинг
61%
ЗападнаяТихоокеанскийКалгари Флэймз
61%
ЗападнаяТихоокеанскийВанкувер Кэнакс
61%
ЗападнаяЦентральныйМиннесота Уайлд
61%
ВосточнаяСтоличныйКаролина Харрикейнз
61%
ВосточнаяАтлантическийМонреаль Канадиенс
61%
ЗападнаяЦентральныйНэшвилл Предаторз
56%
ВосточнаяСтоличныйНью-Йорк Айлендерс
56%
ВосточнаяСтоличныйКоламбус Блю Джекетс
50%
ЗападнаяЦентральныйВиннипег Джетс
50%
ЗападнаяТихоокеанскийСиэтл Кракен
50%
ЗападнаяЦентральныйАризона Койотис
44%
ВосточнаяАтлантическийБаффало Сейбрз
44%
ВосточнаяСтоличныйНью-Джерси Девилз
44%
ЗападнаяТихоокеанскийАнахайм Дакс
44%
ЗападнаяЦентральныйСент-Луис Блюз
44%

Score Distribution

Percentile by Number Answered

Percent of People with Each Score

Your Score History

You have not taken this quiz